Indicadores de la educación en Chile, 2007-2008

Tallennettuna:
Bibliografiset tiedot
Yhteisötekijät: Ministerio de Educación (Tekijä), MINEDUC (Tekijä)
Aineistotyyppi: Kirja
Kieli:espanja
Julkaistu: Santiago Ministerio de Educación 2008
Aiheet:
Tagit: Lisää tagi
Ei tageja, Lisää ensimmäinen tagi!

MARC

LEADER 00000nam a2200000 a 4500
001 UCG2282
003 CL-VaPUC
008 100701e20080000CL |||||||||||||||||spa|d
082 0 4 |a 379.83  |b MIN  |2 21 
110 2 |a Ministerio de Educación  |e author  |9 550711 
710 2 |a MINEDUC  |e author  |9 550712 
245 1 0 |a Indicadores de la educación en Chile, 2007-2008 
300 |a 137 p 
942 |c BK 
945 |d 20100701 00:00:00  |a dcastane 
260 |a Santiago  |b Ministerio de Educación  |c 2008 
650 0 |a Educación  |9 258661 
650 0 |a Estadísticas  |9 258644 
650 0 |a Analfabetismo  |9 324360 
651 7 |a CHILE  |2 CL-VaPUC  |9 550713 
583 |a last modification  |c 20170912 12:11:13  |k Rodrigo Vera 
999 |c 341503  |d 341501 
952 |0 0  |1 0  |4 0  |6 379_830000000000000_MIN_2008  |7 0  |8 A  |9 437069  |a BIBEDU  |b BIBEDU  |d 2019-11-22  |i 4691970  |o 379.83 MIN 2008  |p 4691970  |r 2019-11-22  |w 2019-11-22  |y BK  |k EPE 
952 |0 0  |1 0  |4 0  |6 379_830000000000000_MIN_2008  |7 0  |8 A  |9 437070  |a BIBHIS  |b BIBHIS  |d 2019-11-22  |i 4731298  |o 379.83 MIN 2008  |p 4731298  |r 2025-01-20  |w 2019-11-22  |y BK  |k HIS